| 000 | 00465nam a22001457a 4500 | ||
|---|---|---|---|
| 003 | MACL | ||
| 005 | 20190531164835.0 | ||
| 008 | 190531b xxu||||| |||| 00| 0 eng d | ||
| 040 | _cMACL | ||
| 100 |
_aजैन,अरविंद _975131 |
||
| 245 | _aऔरत होने की सजा | ||
| 260 |
_aनई दिल्ली _bराजकमल प्रकाशन _c2016 |
||
| 650 |
_aस्त्रीविमर्श _975132 |
||
| 942 |
_2ddc _cHIN |
||
| 999 |
_c59972 _d59972 |
||